00630nam a2200181Ia 4500003000900000008004100009040001600050080002400066110003300090245015500123260005000278300000900328500002800337650002000365650001800385650002400403650002100427IN-BaIIA211028s9999 xx 000 0 eng d cIIA Library a083.7:69.028.1bISI aIndian Standards Institution 0aIndian standard specification for wooden flush door shutters (cellular and hollon core type)bpt. 1, plywood face panelscIndian Standards Institution aNew DelhibIndian Standards Institutionc1973 a19p. aIS 2191 : Part 1 : 1973 a Door Shutters a Standards  a Wooden Shuffers  aNASA Thesaurus